000
00225nam a22000857a 4500
008
160624b xxu||||| |||| 00| 0 eng d
100
_9
1078
_a
The Disguise of Love
245
_a
The Disguise of Love
260
_a
Michigsn
_b
Zonderan
_c
1985
999
_c
864
_d
864